000
00206nam a22000857a 4500
008
161124b xxu||||| |||| 00| 0 eng d
100
_9
1376
_a
Morais.P
245
_a
The Clever Rat
260
_a
New Delhi
_b
BPI
_c
2011
999
_c
4091
_d
4091